000 01918cam a2200493 a 4500
001 2541272
003 BJBSDDR
005 20260511133604.0
007 ta
008 940502r19941969nyu 000 1 eng
010 _a 94016661
020 _a0679756450
020 _a9780679756453
035 _a2541272
040 _aDLC
_cDLC
_dDLC
_beng
041 _aeng
043 _an-us---
050 0 0 _aPS3568.O855
_bR845p 1994
082 0 0 _a813/.54
_220
100 1 _aRoth, Philip Milton,
_d1933-2018
_9108
245 1 0 _aPortnoy's complaint /
_cPhilip Roth.
250 _a1st Vintage International ed.
260 _aNew York :
_bVintage International,
_c1994.
300 _a289 p. ;
_c21 cm.
336 _atext
_btxt
_2rdacontent
337 _aunmediated
_bn
_2rdamedia
338 _avolume
_bnc
_2rdacarrier
500 _a"Vintage books."
520 _aPhilip Roth's bestselling novel, which takes the form of a monologue featuring the confession of a comic character who is thrust through life by his unappeasable sexuality, yet at the same time held back by the iron grip of his unforgettable childhood
650 0 _aYoung men
_xFiction.
650 0 _aJewish men
_xFiction.
650 0 _aSex addicts
_xFiction.
650 0 _aMothers and sons
_xFiction.
655 7 _aPsychological fiction.
_2lcsh
655 7 _aHumorous stories.
_2gsafd
655 7 _aBildungsromans.
_2gsafd
856 4 2 _3Contributor biographical information
_uhttp://www.loc.gov/catdir/bios/random051/94016661.html
856 4 2 _3Publisher description
_uhttp://www.loc.gov/catdir/description/random042/94016661.html
906 _a7
_bcbc
_corignew
_d1
_eocip
_f19
_gy-gencatlg
942 _2lcc
_cBK
_n0
946 _idpf
999 _c127047
_d127047